DARBYSHIRE ON THE THE ENGLISH LEGAL SYSTEM (Record no. 216307)

MARC details
000 -LEADER
fixed length control field 00483nam a22001817a 4500
008 - FIXED-LENGTH DATA ELEMENTS--GENERAL INFORMATION
fixed length control field 251127b |||||||| |||| 00| 0 eng d
020 ## - INTERNATIONAL STANDARD BOOK NUMBER
International Standard Book Number 978-1-84703-234-8
050 ## - LIBRARY OF CONGRESS CALL NUMBER
Classification number KD 660.D37 2008
100 ## - MAIN ENTRY--PERSONAL NAME
Personal name PHD:DARBYSHIRE PENNY
245 ## - TITLE STATEMENT
Title DARBYSHIRE ON THE THE ENGLISH LEGAL SYSTEM
250 ## - EDITION STATEMENT
Edition statement 9th
260 ## - PUBLICATION, DISTRIBUTION, ETC.
Place of publication, distribution, etc. LONDON
Name of publisher, distributor, etc. SWEET AND MAXWELL
Date of publication, distribution, etc. 2008
300 ## - PHYSICAL DESCRIPTION
Extent X,573
500 ## - GENERAL NOTE
General note INCLUDES AN INDEX
650 ## - SUBJECT ADDED ENTRY
Topical term or geographic name entry element LAW GREAT BRITAIN
942 ## - ADDED ENTRY ELEMENTS (KOHA)
Source of classification or shelving scheme Library of Congress Classification
Koha item type Long Loan Book
Holdings
Withdrawn status Lost status Source of classification or shelving scheme Damaged status Not for loan Collection Home library Current library Shelving location Date acquired Inventory number Total checkouts Full call number Barcode Date last seen Copy number Price effective from Koha item type
    Library of Congress Classification     Law Kisii University Library Kisii University Library On Display 11/27/2025 110215   KD 660.D37 2008 000000008082 11/27/2025 C.2 11/27/2025 Long Loan Book
    Library of Congress Classification     Law Kisii University Library Kisii University Library On Display 11/27/2025 110214   KD 660.D37 2008 000000008083 11/27/2025 C.1 11/27/2025 Long Loan Book